000 00415nam a2200181Ia 4500
008 170705s9999 xx 000 0 und d
020 _a9780516243597
245 _aWax to crayons /
245 _cInez Snyder.
260 _aNew York :
260 _bScholastic,
260 _c2003
300 _a24 pages :
300 _bcolor illustration ;
300 _c15cm.
440 _aWelcome books.
500 _a290
999 _c335345
_d335345